| Registos Bibliográficos associados ao registo de autoridade |
|
Etiqueta de registo: 00000nkm 2200025 450 001 2280550 003 http://id.bnportugal.gov.pt/bib/catbnp/2280550 100 ## $a20260316d1983 m y0pory01030103ba 101 0# $apor 102 ## $aPT 200 1# $aMostra fotográfica, formação, Porto 1983$bVisual gráfico]$fFAOJ Porto 210 #9 $aPorto$cFAOJ Porto,$d1983 215 ## $a1 cartaz$cp&b.$d37,5x29 cm 317 ## $aColeção Madeira Luís 710 01 $aFundo de Apoio aos Organismos Juvenis.$bDireção Regional de Santarem$31991570 801 #0 $aPT$bBN$gRPC 966 ## $lBN$mICONOG$sCT. 16609 V.$x3 971 ## $cCatmusica8$d20260316 972 ## $d20260318 $e0$vmferro$z0 995 ## $aPRR2026
Etiqueta de registo: 00000nkm 2200025 450 001 2281397 003 http://id.bnportugal.gov.pt/bib/catbnp/2281397 100 ## $a20260318f198- m y0pory01030103ba 101 0# $apor 102 ## $aPT 200 1# $aX Encontro Nacional Juvenil de Teatro de Fantoches, Santarém, 12 a 21 de setembro$bVisual gráfico]$fFAOJ/CCJ Santarém, Câmara Municipal de Santarém e Associação Regional de Santarém
de Teatro de Amadores 210 #9 $e Santarém $cFAOJ/CCJ Santarém,$d[198-?] 215 ## $a1 cartaz$ccolor.$d29,5x42 cm 306 ## $aDatação em conformidade com as características formais do documento 317 ## $aColeção Madeira Luís 710 02 $aEncontro Nacional Juvenil de Teatro de Fantoches,$d10,$eSantarém,$f1986$31992202 711 01 $aFundo de Apoio aos Organismos Juvenis.$bDireção Regional de Santarem$4557$31991570 712 01 $aSantarém.$bCâmara Municipal$4557$336148 712 01 $aAssociação Regional de Santarém de Teatro de Amadores (ARSTA),$eSantarém$4557$31981736 801 #0 $aPT$bBN$gRPC 966 ## $lBN$mICONOG$sCT. 16831 V.$x3 971 ## $cCaticonografia7$d20260318 972 ## $d20260422$e1$vmferro$z0 995 ## $aPRR2026
|
|
|